LEADER 01160nam a22002653i 4500 001 991001071759707536 005 20040218092118.0 008 040318s1984 it 000 0 ita d 035 $ab12713788-39ule_inst 035 $aARCHE-069804$9ExL 040 $aDip.to Filosofia$bita$cA.t.i. Arché s.c.r.l. Pandora Sicilia s.r.l. 082 04$a345.0263 100 1 $aLemme, Fabrizio$0216528 245 13$aLa frode fiscale :$bprofili sistematici della tutela penale del rapporto d'imposta contro i fatti di frode, nell'imposizione diretta e nell'imposizione sul valore aggiunto /$cFabrizio Lemme 260 $aNapoli :$bJovene,$c1984 300 $a1980 p. ;$c24 cm 650 4$aTributi$xDiritto penale 650 4$aReati fiscali 907 $a.b12713788$b02-04-14$c31-03-04 912 $a991001071759707536 945 $aLE005 DIR I A 163$g1$i2005000151071$lle005$o-$pE0.00$q-$rl$s- $t0$u0$v0$w0$x0$y.i13237391$z31-03-04 945 $aLE027 345.02 LEM01.01$g1$i2027000198054$lle027$op$pE0.00$q-$rl$s- $t0$u1$v0$w1$x0$y.i14973443$z27-05-09 996 $aFrode fiscale$9270379 997 $aUNISALENTO 998 $ale005$ale027$b31-03-04$cm$da $e-$fita$git $h3$i1 LEADER 01928nam0-2200361---450 001 9910296060303321 005 20250627121633.0 012 $aI.I, 4103 a.*. m.l. (3) 1776 (R)$2fei$5IT-NA0338: B II 10 100 $a20181217d1776----km-y0itay50------ba 101 0 $alat 102 $aGB 140 $aa-----------------bb0------- 200 1 $aCharacteres generum plantarum, quas in itinere ad insulas maris Australis, collegerunt, descripserunt, delinearunt, annis MDCCLXXII-MDCCLXXV. Johannes Reinoldus Forster ... et Georgius Forster 210 $aLondini$cprostant apud B. White, T. Cadell, & P. Elmsly$d1776 215 $ax, [2], viii, 150, [4] p., 1-38, 38a-38b, 39-51, 51a, 52-75 c. di tav.$cill. calcogr.$d4° 300 $aC. ?¹ contiene errata 307 $aSegn.: ?² a-b? B-U? ?¹. - Ultima carta bianca 317 $aTimbro ovale: "R. Orto Botanico di Napoli Biblioteca Tenoreana" sul front.$5IT-NA0338: B II 10 321 1 $aPritzel$b1872$c2981$uhttps://books.google.it/books?id=_FnAgYaaY0AC&printsec=frontcover&hl=it&source=gbs_ge_summary_r&cad=0#v=snippet&q=forster%20&f=false 620 $aGran Bretagna.$dLondra 700 1$aForster,$bJohann Reinhold$071813 701 1$aForster,$bGeorg$f<1754-1794>$0141686 719 00$aWhite,$gBenjamin$d<1.>$4650 719 00$aElmsley,$gPeter$4650 719 00$aCadell,$gThomas$d<1.>$4650 801 0$aIT$bUNINA$gREICAT$2UNIMARC 856 4 $zVisualizza la versione elettronica in SBNWeb$uhttps://books.google.it/books?id=71QXkp3YhBYC&printsec=frontcover&hl=it&source=gbs_ge_summary_r&cad=0#v=onepage&q&f=false$e20181217 901 $aAQ 912 $a9910296060303321 952 $aB II 10$b164$fDBV 959 $aDBV 996 $aCharacteres generum plantarum, quas in itinere ad insulas maris Australis, collegerunt, descripserunt, delinearunt, annis MDCCLXXII-MDCCLXXV. Johannes Reinoldus Forster ... et Georgius Forster$91540761 997 $aUNINA